LEADER 00828nam a2200193 i 4500 001 000000033103 003 CaOOAMICUS 005 20180830125450.0 008 180830s2004 it u000 u ita u 040 $aSeMil$bita 245 10$aPoeti africani Anti-Apartheid. 260 $aBologna :$bEdizioni dell'Arco,$c2004. 300 $av. ;$c21 cm. 650 4$aPoesia africana - Sec. 20. - Antologie.$0(OLS)http://semarc/subject/5300 650 4$aRazzismo - Africa.$0(OLS)http://semarc/subject/5301 774 0 $tRepubblica Popolare del Congo ; Costa d'Avorio.$z88-86042-36-1$g1$w()187068 774 0 $tGabon ; Guinea Conakry ; Madagascar ; Ciad ; Zaire.$z88-7876-001-3$g4$w()248665 996 $6245$aPoeti africani Anti-Apartheid$9(OLS)http://semarc/title/44813 996 $6260$aBologna :$bEdizioni dell'Arco$9(OLS)http://semarc/publisher/39509 LEADER 01038nam a2200229 i 4500 001 000000108985 003 CaOOAMICUS 005 20050211000000.0 008 050211n it u000 u ita u 013 $a81665 040 $aSeMil$bita 100 1 $aBertoglio Pisani, Napoleone.$0(OLS)http://semarc/name/45765 245 10$aScritti di storia dell'abbiatense :$b(1874-1912) /$cNapoleone Bertoglio Pisani ; disegni di Damiano Magugliani. 260 $a[Abbiategrasso] :$bSocietà Storica Abbiatense,$c[19--]?. 300 $a156 p. :$bill. ;$c23 cm. 650 4$aAbbiategrasso - Storia.$0(OLS)http://semarc/subject/19255 700 1 $aMagugliani, Damiano.$0(OLS)http://semarc/name/45766 850 $aSeMil 852 $aSeMil$W1$xVenegono$y1$m3P II 276$j65018$B65018$CSeMilBibl$Z2$F92813 $81 961 $aLascito: Garavaglia don Angelo 996 $6245$aScritti di storia dell'abbiatense :$b(1874-1912)$9(OLS)http://semarc/title/158132 996 $6260$a[Abbiategrasso] :$bSocietà Storica Abbiatense$9(OLS)http://semarc/publisher/33572